Datum a čas kvízu
33
Celkem bodů
Celkový počet nahraných bodů na tomto kvízu bez doplňovacích otázek.
9.
Pořadí na kvízu
Konečné umístění týmu na tomto kvízu.
Zaznamenané odpovědi
| # | Otázka | Odpověď | Body | Výsledky |
|---|---|---|---|---|
| 1. | Více než dvacet tisíc Čechů se... | Black Hawk (UH-60), Čestmír | 0.5 | |
| 2. | Prezident jisté asijské země,... | v Jižní Koreji | 1 | |
| 3. | V úterý měl na Netflixu premié... | Meghan (Markle) | 0 | |
| 4. | V letošním ročníku soutěže Vis... | Kytary.cz | 1 | |
| 5. | Minulý týden skončila základní... | 1D 2B 3C 4A | 1 | |
| 6. | V roce 1978 zakoupila jistá me... | Greenpeace | 0 | |
| 7. | Na fotce je německá bitevní lo... | Bismarck | 1 | |
| 8. | Loď Beagle na své druhé plavbě... | Charles Darwin | 0 | |
| 9. | Válečná loď Vasa ujela celkem... | ve Stockholmu | 1 | |
| 10. | Která z těchto slavných lodí b... | C | 1 |